000 00367nam a22001577a 4500
003 OSt
005 20211011085009.0
008 211011b |||||||| |||| 00| 0 eng d
020 _a0174481004
040 _cHU
100 _aP L SELFE
_912149
245 _aSOCIOLOGY AN INTRODUCTORY COURSE
260 _a301 SEL
_bHALL
_c1975
300 _a272
942 _2ddc
_cBOOKS
_n0
999 _c11219
_d11219